The ultimate rollercoaster trivia - Statistics

General Stats
  • This quiz has been taken 231 times
  • The average score is 8 of 11
Answer Stats
Question Answer % Correct
What does B&M stand for? Bolliger & Mabillard
100%
What rollercoaster is going to be the tallest, longest, and fastest that is coming in the future? Falcon's Flight
99%
What is a giga coaster? 300+ feet tall
96%
What is a strata coaster? 400+ feet tall
88%
What was RMC's first rollercoaster? New Texas Giant
87%
What Six Flags is in New Jersey? Six Flags Great Adventure
85%
What does LSM stand for? Linear Synchronous Motor
83%
Which one has an LSM launch? Red Force
79%
What is the oldest, still operating today, rollercoaster? Leap-the-Dips
61%
FINAL QUESTION: Which rollercoaster manufacturer is the best? RMC
44%
How many Six Flags are there? 27
25%
No matching quizzes found
Score Distribution
Percent of People with Each Score
Percentile by Number Answered
Your Score History
You have not taken this quiz